Normal view
MARC view
Entry Uniform Title
001 - CONTROL NUMBER
- control field: 53931
003 - CONTROL NUMBER IDENTIFIER
- control field: dpl
005 - DATE AND TIME OF LATEST TRANSACTION
- control field: 20121129151605.0
008 - FIXED-LENGTH DATA ELEMENTS
- fixed length control field: 121129|||a|||||| | ||| d
040 ## - CATALOGING SOURCE
- Original cataloging agency: dpl
- Transcribing agency: dpl
130 ## - HEADING--UNIFORM TITLE
- Uniform title: McGraw-Hill chemical engineering series
670 ## - SOURCE DATA FOUND
- Source citation: Work cat.: (dpl)0: Treybal, Robert Ewald, 1915- 53930, Mass-transfer operations /, 2012
670 ## - SOURCE DATA FOUND
- Source citation: Work cat.: (dpl)0: Treybal, Robert Ewald, 1915- 53930, Mass-transfer operations /, 2012
